Normal view
MARC view
Entry Término temático
001 - NÚMERO DE CONTROL
- campo de control: 34068
003 - IDENTIFICADOR DEL NÚMERO DE CONTROL
- campo de control: FranzMayer
005 - FECHA Y HORA DE LA ÚLTIMA TRANSACCIÓN
- campo de control: 20260530113916.0
008 - DATOS DE LONGITUD FIJA
- campo de control de longitud fija: 260530|| aca||aabn | a|a d
040 ## - FUENTE DE LA CATALOGACIÓN
- Centro catalogador/agencia de origen: FranzMayer
- Centro/agencia transcriptor: FranzMayer
150 ## - ENCABEZAMIENTO--TÉRMINO DE MATERIA
- Término de materia o nombre geográfico como elemento de entrada: Aviación recreativa
670 ## - FUENTE DE DATOS ENCONTRADOS
- Cita de la fuente: Work cat.: (FranzMayer)12284: D'Agostino, Carlo, autor. 34064, Modelismo aéreo /